000 00820cam a22002773a 4500
001 19569
003 PGUSA
005 20140828083420.0
008 061018s2006||||xxu|||||s|||||000 1 eng d
040 _aPGUSA
_beng
042 _adc
050 4 _aPR
100 1 _aWilliamson, C. N.
_q(Charles Norris),
_d1859-1920
245 1 4 _aThe Guests Of Hercules
_h[electronic resource] /
_cC. N. Williamson
260 _bProject Gutenberg,
_c2006
506 _aPublic domain in the USA.
516 _aElectronic text
653 _aGambling -- Fiction
653 _aYoung women -- Fiction
653 _aMonte-Carlo (Monaco) -- Fiction
700 1 _aBuckland, Arthur H.
700 1 _aBracker, M. Leone,
_d1885-1937
830 0 _aProject Gutenberg
_v19569
856 4 0 _uhttp://www.gutenberg.org/ebooks/19569
942 _cEB
999 _c248824
_d248824